000 00466nab a2200145Ia 4500
003 ES-SlBCS
005 20210601123712.0
008 140529s1986 xxu||||| |||| 00| 0 spa d
041 _aspa
110 2 _aInvestigación y Ciencia
_9128039
245 0 0 _aEn el confín del universo
_cINVESTIGACIÓN Y CIENCIA
650 0 4 _aAstronomía
_915897
773 0 _tInvestigacion y Ciencia (Traducción de: Scientific American)
_gnº. 121, 1986, págs. 48
_wRev1650
942 _cAR
999 _c502018
_d502018